| 000 -LEADER |
| fixed length control field |
00368nam a22001097a 4500 |
| 082 ## - DEWEY DECIMAL CLASSIFICATION NUMBER |
| Classification number |
TNC A99 M687/ M687 |
| 100 ## - MAIN ENTRY--PERSONAL NAME |
| Personal name |
Mishra, Prashanta Kumar |
| 9 (RLIN) |
23454 |
| 245 ## - TITLE STATEMENT |
| Title |
In quest of a meaningful life : |
| Remainder of title |
Autobiography of a civil servant |
| Statement of responsibility, etc |
by Prashanta Kumar Mishra |
| 260 ## - PUBLICATION, DISTRIBUTION, ETC. (IMPRINT) |
| Place of publication, distribution, etc |
New Delhi |
| Name of publisher, distributor, etc |
Konark Pub. |
| Date of publication, distribution, etc |
2017 |
| 300 ## - PHYSICAL DESCRIPTION |
| Extent |
308p. |
| 650 ## - SUBJECT ADDED ENTRY--TOPICAL TERM |
| Topical term or geographic name as entry element |
Mishra, Prashanta Kumar, 1948 |
| 9 (RLIN) |
23455 |